| 000 | 01161nac a22002771u 4500 | ||
|---|---|---|---|
| 010 | _a 98053537 | ||
| 020 | _a0312221118 (cloth) | ||
| 020 | _a0312221126 (pbk.) | ||
| 082 | 0 | 0 |
_a330.9048 _bSOL |
| 090 |
_c7470 _d7470 |
||
| 100 | _aSolomon, Robert. | ||
| 245 | 1 | 4 |
_aThe transformation of the world economy / _cRobert Solomon. |
| 250 | _a2nd ed. | ||
| 260 |
_aNew York : _bSt. Martin's Press,c.1999. _cc.1999. |
||
| 300 |
_axii, 217 p. : _bill. ; _c23 cm. |
||
| 500 | _aDistributer: Al-Ahram. | ||
| 504 | _aIncludes bibliographical references and index. | ||
| 511 | _aCatalogued By: Mahitab. | ||
| 650 | 0 |
_aEconomic history _y1971-1990. |
|
| 650 | 0 |
_aEconomic history _y1990- |
|
| 856 | 4 | 2 |
_3Contributor biographical information _uhttp://www.loc.gov/catdir/bios/hol057/98053537.html |
| 856 | 4 | 2 |
_3Publisher description _uhttp://www.loc.gov/catdir/description/hol056/98053537.html |
| 856 | 4 | 2 |
_3Table of contents _uhttp://www.loc.gov/catdir/toc/hol053/98053537.html |
| 942 |
_cBB _k330.9048 |
||
| 999 |
_c7470 _d7470 |
||